000
00462nam a2200181Ia 4500
008
100917s9999 xx 000 0 und d
082
_b
29124
100
_a
हसमनीस द. का.
245
_a
पाकोळी
260
_b
युवराज प्रकाशन
_c
1973
300
_a
138
365
_b
10
520
_a
कथा
630
_a
पाकोळी
650
_a
कथा
730
_a
पाकोळी
942
_c
BOOK
999
_c
634518
_d
634515